书目信息 |
| 题名: |
苗圃经营与管理
|
|
| 作者: | 汪民 编著 | |
| 分册: | ||
| 出版信息: | 北京 中国林业出版社 2015 |
|
| 页数: | 10,138页 | |
| 开本: | 24cm | |
| 丛书名: | ||
| 单 册: | ||
| 中图分类: | S723.1 | |
| 科图分类: | ||
| 主题词: | 苗圃--经营管理 | |
| 电子资源: | ||
| ISBN: | 978-7-5038-7914-2 | |
| 000 | 00821nam0 2200229 450 | |
| 001 | 012015000239 | |
| 005 | 20151130095915.90 | |
| 010 | @a978-7-5038-7914-2@dCNY68.00 | |
| 100 | @a20150712d2015 em y0chiy50 ea | |
| 101 | 0 | @achi |
| 102 | @aCN@b110000 | |
| 105 | @aa z 000yy | |
| 106 | @ar | |
| 200 | 1 | @a苗圃经营与管理@Amiao pu jing ying yu guan li@f汪民编著 |
| 210 | @a北京@c中国林业出版社@d2015 | |
| 215 | @a10,138页@c彩图@d24cm | |
| 330 | @a本书系统地分析了我国苗圃在经营管理上存在的主要问题,介绍了如何确定苗圃经营目标和市场定位、提高苗圃竞争力以及如何当好苗圃经理人,并对苗圃计划、质量、成本、技术、销售等层面如何加强管理进行了详细讲解。 | |
| 606 | 0 | @a苗圃@x经营管理 |
| 690 | @aS723.1@v5 | |
| 701 | 0 | @a汪民@Awang min@c(苗木管理)@4编著 |
| 801 | 0 | @aCN@b碧洲教育@c20151127 |
| 905 | @a10447@f3@dS723.1@e87 | |
| 苗圃经营与管理/汪民编著.-北京:中国林业出版社,2015 |
| 10,138页:彩图;24cm |
| ISBN 978-7-5038-7914-2:CNY68.00 |
| 本书系统地分析了我国苗圃在经营管理上存在的主要问题,介绍了如何确定苗圃经营目标和市场定位、提高苗圃竞争力以及如何当好苗圃经理人,并对苗圃计划、质量、成本、技术、销售等层面如何加强管理进行了详细讲解。 |
| ● |
| 相关链接 |
|
|
|
|
正题名:苗圃经营与管理
索取号:S723.1/87
 
预约/预借
| 序号 | 登录号 | 条形码 | 馆藏地/架位号 | 状态 | 备注 |
| 1 | 0871407 | 208714079 | 第二样本阅览室/ [索取号:S723.1/87] | 在馆 | |
| 2 | 0871408 | 208714088 | 第三借阅区/ [索取号:S723.1/87] | 在馆 | |
| 3 | 0871409 | 208714097 | 第三借阅区/ [索取号:S723.1/87] | 在馆 |